Highest Goalscorers in International Football for Portugal - Statistics

General Stats
  • This quiz has been taken 183 times
    95 since last reset
  • The average score is 11 of 29
Answer Stats
# Goals Caps Goals/Game Years Played Answer % Correct
1 128 205 0.624 2003- Cristiano Ronaldo
100%
3 41 64 0.641 1961-1973 Eusébio
92%
4 32 127 0.252 1991-2006 Luís Figo
86%
8 24 112 0.214 2006-2017 Nani
74%
23 11 87 0.126 2015- Bernardo Silva
70%
14 19 63 0.302 2017- Bruno Fernandes
68%
12 19 53 0.421 2016- André Silva
67%
7 26 94 0.277 1993-2004 Rui Costa
60%
29 10 80 0.125 2003-2018 Ricardo Quaresma
58%
2 47 88 0.534 1997-2006 Pauleta
54%
5 29 79 0.367 1996-2011 Nuno Gomes
50%
20 12 36 0,333 2019- Diogo Jota
45%
19 13 48 0.271 1975-1988 Fernando Gomes
43%
6 27 71 0.38 2003-2014 Hélder Postiga
37%
11 22 85 0.259 1998-2010 Simão Sabrosa
30%
13 19 57 0.333 2004-2015 Hugo Almeida
25%
9 23 81 0.284 1991-2002 João Pinto
24%
27 10 50 0.2 2016- João Cancelo
21%
26 10 45 0.222 1994-2001 Ricardo Sá Pinto
21%
28 10 73 0.137 2006-2014 Raúl Meireles
19%
24 11 96 0.115 2007-2018 Bruno Alves
15%
25 10 31 0.323 1985-1993 Rui Águas
15%
21 12 56 0.214 1996-2003 Sérgio Conceição
15%
22 11 25 0.44 1952-1962 José Águas
14%
10 22 66 0.333 1971-1984 Nené
12%
17 14 33 0.424 1963-1973 José Torres
8%
16 14 20 0.7 1938-1949 Fernando Peyroteo
7%
15 15 43 0.349 1972-1989 Rui Jordão
6%
18 13 27 0.481 1952-1960 Matateu
4%
No matching quizzes found
Score Distribution
Percent of People with Each Score
Percentile by Number Answered
Your Score History
You have not taken this quiz since the last reset